عرض عادي عرض مارك
  • Magnetic Resonance Imaging

مدخل مصطلح موضوعي

عدد التسجيلات المستخدمة في: 2

001 - رقم الضبط

  • حقل الضبط: 18734

003 - معرف رقم الضبط

  • حقل الضبط: OSt

005 - تاريخ ووقت أخر عملية

  • حقل الضبط: 20121226211246.0

008 - عناصر بيانات ثابتة الطول

  • حقل تحكم ثابت الطول: 121226|||a|||||| | ||| d

040 ## - مصدر الفهرسة

  • هيئة الفهرسة الأصلية: OSt
  • وكالة الكتابة: OSt

150 ## - مدخل-- مصطلح تاريخي

  • عنصر مدخل المصطلح الموضوعي او الاسم الجغرافي: Magnetic Resonance Imaging
  • تفريع شكلي: Problems and Exercises.

670 ## - بيانات المصدر موجوده

  • الاستشهاد بالمصدر: Work cat.: (OSt)0: Mamourian, Alexander C. 18733, Practical MR physics :, 2010.